<?xml version="1.0" encoding="UTF-8"?>
<record
    xmlns:xsi="http://www.w3.org/2001/XMLSchema-instance"
    xsi:schemaLocation="http://www.loc.gov/MARC21/slim http://www.loc.gov/standards/marcxml/schema/MARC21slim.xsd"
    xmlns="http://www.loc.gov/MARC21/slim">

  <leader>00806cam a22002412  4500</leader>
  <controlfield tag="001">0000002099</controlfield>
  <controlfield tag="005">20151021151055.0</controlfield>
  <controlfield tag="008">070402s         xx           000 0 eng d</controlfield>
  <datafield tag="020" ind1=" " ind2=" ">
    <subfield code="c">KES 665</subfield>
  </datafield>
  <datafield tag="040" ind1=" " ind2=" ">
    <subfield code="a">KABU</subfield>
    <subfield code="c">KABU</subfield>
  </datafield>
  <datafield tag="050" ind1=" " ind2="0">
    <subfield code="a">HF5635</subfield>
    <subfield code="b">.S251</subfield>
  </datafield>
  <datafield tag="100" ind1="1" ind2=" ">
    <subfield code="a">Saleemi, Nisar Ahmad.</subfield>
    <subfield code="@">0000151299</subfield>
  </datafield>
  <datafield tag="245" ind1="1" ind2="0">
    <subfield code="a">Advanced financial accounting simplified. :</subfield>
    <subfield code="b">volume I.</subfield>
  </datafield>
  <datafield tag="260" ind1=" " ind2=" ">
    <subfield code="a">Nairobi :</subfield>
    <subfield code="b">N. A. Saleemi,</subfield>
    <subfield code="c">1995.</subfield>
  </datafield>
  <datafield tag="300" ind1=" " ind2=" ">
    <subfield code="a">483 p.</subfield>
  </datafield>
  <datafield tag="362" ind1="0" ind2=" ">
    <subfield code="a">vol. I.</subfield>
  </datafield>
  <datafield tag="650" ind1=" " ind2="0">
    <subfield code="a">Accounting.</subfield>
    <subfield code="@">0000148321</subfield>
  </datafield>
  <datafield tag="852" ind1="1" ind2=" ">
    <subfield code="9">p800 KES</subfield>
  </datafield>
  <datafield tag="852" ind1="1" ind2=" ">
    <subfield code="9">p800 KES</subfield>
  </datafield>
  <datafield tag="908" ind1=" " ind2=" ">
    <subfield code="a">070402</subfield>
  </datafield>
  <datafield tag="950" ind1=" " ind2=" ">
    <subfield code="@">1</subfield>
  </datafield>
  <datafield tag="999" ind1=" " ind2=" ">
    <subfield code="c">380</subfield>
    <subfield code="d">380</subfield>
  </datafield>
  <datafield tag="952" ind1=" " ind2=" ">
    <subfield code="0">0</subfield>
    <subfield code="1">0</subfield>
    <subfield code="2">lcc</subfield>
    <subfield code="7">0</subfield>
    <subfield code="a">KNTC</subfield>
    <subfield code="b">KNTC</subfield>
    <subfield code="d">2015-10-21</subfield>
    <subfield code="l">0</subfield>
    <subfield code="o">HF5635 .S2551 v.1 c. 3</subfield>
    <subfield code="p">014036</subfield>
    <subfield code="r">2015-10-21 00:00:00</subfield>
    <subfield code="w">2015-10-21</subfield>
    <subfield code="y">BK</subfield>
  </datafield>
  <datafield tag="952" ind1=" " ind2=" ">
    <subfield code="0">0</subfield>
    <subfield code="1">0</subfield>
    <subfield code="2">lcc</subfield>
    <subfield code="7">0</subfield>
    <subfield code="a">KNTC</subfield>
    <subfield code="b">KNTC</subfield>
    <subfield code="d">2015-10-21</subfield>
    <subfield code="l">16</subfield>
    <subfield code="m">4</subfield>
    <subfield code="o">HF5635 .S2551  v.1 c. 2</subfield>
    <subfield code="p">030547</subfield>
    <subfield code="r">2022-12-09 00:00:00</subfield>
    <subfield code="s">2022-10-21</subfield>
    <subfield code="w">2015-10-21</subfield>
    <subfield code="y">BK</subfield>
  </datafield>
  <datafield tag="952" ind1=" " ind2=" ">
    <subfield code="0">0</subfield>
    <subfield code="1">0</subfield>
    <subfield code="2">lcc</subfield>
    <subfield code="7">0</subfield>
    <subfield code="a">KNTC</subfield>
    <subfield code="b">KABU</subfield>
    <subfield code="d">2015-10-21</subfield>
    <subfield code="l">32</subfield>
    <subfield code="o">HF5635 .S2551  v.1 c. 1</subfield>
    <subfield code="p">24234</subfield>
    <subfield code="r">2024-10-22 13:05:25</subfield>
    <subfield code="s">2024-10-07</subfield>
    <subfield code="w">2015-10-21</subfield>
    <subfield code="y">BK</subfield>
  </datafield>
</record>
